| 000 | 00403nam a22001337a 4500 | ||
|---|---|---|---|
| 008 | 240814b |||||||| |||| 00| 0 eng d | ||
| 050 | _aPR 9369 .L315 1967 | ||
| 100 | _aGuma, Alex | ||
| 245 |
_aIn the Fog of the Seasons' End / _cAlex, Guma |
||
| 260 |
_aKenya: _bLittlerock, _c1967. |
||
| 300 |
_a181p.; _c17cm |
||
| 650 | _aShort stories | ||
| 942 |
_2lcc _hPR 9369 .L315 1967 _cAFRICANA |
||
| 999 |
_c32168 _d32168 |
||